01149cam a2200301 a 45000010005000000030006000050050017000110080041000280100017000690200018000860200018001040400023001220500015001450820015001601000028001752450044002032600036002473000047002834900039003305000007003695050007003765050100003835200228004835210019007115210018007306500048007486500051007966454FISKH20250620092116.0090212s2010 nyua j b 001 0 eng  a 2009006373 a9780531213469 a9780531214459 aDLCcDLCdDLCbeng aJK1978.B45 a324.60973 1 aBehrens, Janice,d1972-10aLet's vote on it! /cby Janice Behrens. aNew York :bScholastic, c2010. a24 pages : bcolor illustrations ; c21 cm0 aScholastic news nonfiction readers aJ 0 aJ 0 aVote for a class pet -- Time to choose -- Which pet wins? -- Let's keep voting -- My mom votes! aWhat does it take to be a good citizen? Find out in this appealing new series about the importance of working together, taking turns, respecting differences, and getting along in the classroom, the community, and the world!8 a440 bLexile 8 aJ bRaz-Plus  0aVotingzUnited StatesvJuvenile literature. 0aElectionszUnited StatesvJuvenile literature.